Adolescent girls: (Record no. 35657)

MARC details
000 -LEADER
fixed length control field 00943nam a22002417a 4500
005 - DATE AND TIME OF LATEST TRANSACTION
control field 20110902120342.0
008 - FIXED-LENGTH DATA ELEMENTS--GENERAL INFORMATION
fixed length control field 100309t xxu||||| |||| 00| 0 eng d
010 ## - LCCN (DPL NO)
LC control number G-001267
020 ## - INTERNATIONAL STANDARD BOOK NUMBER
International Standard Book Number 9788180180958
Terms of availability 475.00
035 ## - SYSTEM CONTROL NUMBER
System control number G-001267
037 ## - SOURCE OF ACQUISITION
Source of stock number/acquisition PUB
040 ## - CATALOGING SOURCE
Original cataloging agency dpl
Language of cataloging English
082 ## - DEWEY DECIMAL CLASSIFICATION NUMBER
Classification number 310.4315
100 ## - MAIN ENTRY--PERSONAL NAME
Personal name Choudhary, R.K.
9 (RLIN) 34159
245 ## - TITLE STATEMENT
Title Adolescent girls:
Statement of responsibility, etc by R.K. Choudhary [and] Jeetendri Mallika Choudhary
Remainder of title social needs and psycho--social problems /
260 ## - PUBLICATION, DISTRIBUTION, ETC. (IMPRINT)
Place of publication, distribution, etc New Delhi
Name of publisher, distributor, etc National Publishing House
Date of publication, distribution, etc 2008
270 ## - ADDRESS
Address 23, Daryanganj
City New Delhi
Postal code 110002
300 ## - PHYSICAL DESCRIPTION
Extent 198p.
Dimensions 22cm(Hb)
500 ## - GENERAL NOTE
General note Includes bibliogarphical references
700 ## - ADDED ENTRY--PERSONAL NAME
Personal name Choudhary, Neetendri Mallika
9 (RLIN) 34160
942 ## - ADDED ENTRY ELEMENTS (KOHA)
Source of classification or shelving scheme Dewey Decimal Classification
Item type English Books
Call number suffix CHO
Classification part 310.4315
Holdings
Withdrawn status Lost status Source of classification or shelving scheme Damaged status Not for loan Collection code Home library Current library Date acquired Cost, normal purchase price Total Checkouts Full call number Barcode Date last seen Copy number Cost, replacement price Koha item type
    Dewey Decimal Classification     Non-fiction Janak Puri Janak Puri 02/09/2011 475.00 7 310.4315 CHO G-001267 04/08/2020 1 475.00 English Books

© Delhi Public Library
Hit Counter
free hit counter